What is analytic philosophy? (Record no. 431145)

MARC details
000 -LEADER
fixed length control field 00602nam a2200193Ia 4500
008 - FIXED-LENGTH DATA ELEMENTS--GENERAL INFORMATION
fixed length control field 191130s2008##################000#0#eng##
020 ## - INTERNATIONAL STANDARD BOOK NUMBER
ISBN 9780521694261
082 ## - DEWEY DECIMAL CLASSIFICATION NUMBER
Classification number 146.4 GLO
100 ## - MAIN ENTRY--AUTHOR NAME
Personal name Glock, Hans-Johann
245 ## - TITLE STATEMENT
Title What is analytic philosophy?
Statement of responsibility, etc Hans-Johann Glock
260 ## - PUBLICATION, DISTRIBUTION, ETC. (IMPRINT)
Place of publication Cambridge
Name of publisher Cambridge University Press
Year of publication 2008
300 ## - PHYSICAL DESCRIPTION
Number of Pages xii, 292 p. : ill. ; 24 cm.
500 ## - GENERAL NOTE
General note Includes bibliographical references (p. 262-282) and index
650 ## - SUBJECT ADDED ENTRY--TOPICAL TERM
Topical Term Analysis (Philosophy)
991 ## -
-- 179779

No items available.

Find us on the map